<?xml version="1.0" encoding="UTF-8"?>
<record
    xmlns:xsi="http://www.w3.org/2001/XMLSchema-instance"
    xsi:schemaLocation="http://www.loc.gov/MARC21/slim http://www.loc.gov/standards/marcxml/schema/MARC21slim.xsd"
    xmlns="http://www.loc.gov/MARC21/slim">

  <leader>02394nam0a2200373   4500</leader>
  <controlfield tag="001">RU\NLR\BIBL_A\011435457</controlfield>
  <controlfield tag="005">20240921131035.0</controlfield>
  <datafield tag="010" ind1=" " ind2=" ">
    <subfield code="a">9785990929111</subfield>
  </datafield>
  <datafield tag="021" ind1=" " ind2=" ">
    <subfield code="a">RU</subfield>
    <subfield code="b">2017-44919</subfield>
    <subfield code="9">3247</subfield>
  </datafield>
  <datafield tag="035" ind1=" " ind2=" ">
    <subfield code="a">(RuMoRGB)008914778</subfield>
  </datafield>
  <datafield tag="035" ind1=" " ind2=" ">
    <subfield code="a">(NLR Aleph) 011435457</subfield>
  </datafield>
  <datafield tag="090" ind1=" " ind2=" ">
    <subfield code="a">11673063</subfield>
    <subfield code="c">11673063</subfield>
  </datafield>
  <datafield tag="100" ind1=" " ind2=" ">
    <subfield code="a">20170707d2017    u  y0rusy50      ca</subfield>
  </datafield>
  <datafield tag="101" ind1="0" ind2=" ">
    <subfield code="a">rus</subfield>
  </datafield>
  <datafield tag="102" ind1=" " ind2=" ">
    <subfield code="a">RU</subfield>
  </datafield>
  <datafield tag="105" ind1=" " ind2=" ">
    <subfield code="a">a|||j   000zy</subfield>
  </datafield>
  <datafield tag="200" ind1="1" ind2=" ">
    <subfield code="a">&#x410;&#x43D;&#x430;&#x442;&#x43E;&#x43C;&#x43E;-&#x444;&#x443;&#x43D;&#x43A;&#x446;&#x438;&#x43E;&#x43D;&#x430;&#x43B;&#x44C;&#x43D;&#x44B;&#x435; &#x43E;&#x441;&#x43E;&#x431;&#x435;&#x43D;&#x43D;&#x43E;&#x441;&#x442;&#x438; &#x438; &#x43A;&#x43B;&#x438;&#x43D;&#x438;&#x447;&#x435;&#x441;&#x43A;&#x430;&#x44F; &#x431;&#x438;&#x43E;&#x43C;&#x435;&#x445;&#x430;&#x43D;&#x438;&#x43A;&#x430; &#x43E;&#x440;&#x431;&#x438;&#x442;&#x44B;</subfield>
    <subfield code="e">&#x443;&#x447;&#x435;&#x431;&#x43D;&#x43E;&#x435; &#x43F;&#x43E;&#x441;&#x43E;&#x431;&#x438;&#x435;</subfield>
    <subfield code="f">&#x415;. &#x412;. &#x412;&#x435;&#x440;&#x43D;&#x438;&#x433;&#x43E;&#x440;&#x430;, &#x415;. &#x412;. &#x410;&#x431;&#x440;&#x430;&#x43C;&#x43E;&#x432;&#x430;, &#x418;. &#x410;. &#x410;&#x43F;&#x442;&#x435;&#x43A;&#x430;&#x440;&#x44C;</subfield>
    <subfield code="g">&#x41D;&#x435;&#x433;&#x43E;&#x441;&#x443;&#x434;&#x430;&#x440;&#x441;&#x442;&#x432;&#x435;&#x43D;&#x43D;&#x43E;&#x435; &#x43E;&#x431;&#x440;&#x430;&#x437;&#x43E;&#x432;&#x430;&#x442;&#x435;&#x43B;&#x44C;&#x43D;&#x43E;&#x435; &#x443;&#x447;&#x440;&#x435;&#x436;&#x434;&#x435;&#x43D;&#x438;&#x435; &#x434;&#x43E;&#x43F;&#x43E;&#x43B;&#x43D;&#x438;&#x442;&#x435;&#x43B;&#x44C;&#x43D;&#x43E;&#x433;&#x43E; &#x43F;&#x440;&#x43E;&#x444;&#x435;&#x441;&#x441;&#x438;&#x43E;&#x43D;&#x430;&#x43B;&#x44C;&#x43D;&#x43E;&#x433;&#x43E; &#x43E;&#x431;&#x440;&#x430;&#x437;&#x43E;&#x432;&#x430;&#x43D;&#x438;&#x44F; "&#x422;&#x44E;&#x43C;&#x435;&#x43D;&#x441;&#x43A;&#x438;&#x439; &#x438;&#x43D;&#x441;&#x442;&#x438;&#x442;&#x443;&#x442; &#x43E;&#x441;&#x442;&#x435;&#x43E;&#x43F;&#x430;&#x442;&#x438;&#x447;&#x435;&#x441;&#x43A;&#x43E;&#x439; &#x43C;&#x435;&#x434;&#x438;&#x446;&#x438;&#x43D;&#x44B;", &#x41A;&#x440;&#x430;&#x43D;&#x438;&#x430;&#x43B;&#x44C;&#x43D;&#x44B;&#x439; &#x440;&#x430;&#x437;&#x434;&#x435;&#x43B;</subfield>
  </datafield>
  <datafield tag="210" ind1=" " ind2=" ">
    <subfield code="a">&#x422;&#x44E;&#x43C;&#x435;&#x43D;&#x44C;</subfield>
    <subfield code="c">[&#x431;. &#x438;.]</subfield>
    <subfield code="d">2017</subfield>
  </datafield>
  <datafield tag="215" ind1=" " ind2=" ">
    <subfield code="a">63 &#x441;.</subfield>
    <subfield code="c">&#x438;&#x43B;., &#x446;&#x432;. &#x438;&#x43B;., &#x442;&#x430;&#x431;&#x43B;.</subfield>
    <subfield code="d">29</subfield>
  </datafield>
  <datafield tag="300" ind1=" " ind2=" ">
    <subfield code="a">&#x41D;&#x430; &#x43E;&#x431;&#x43B;. &#x43F;&#x43E;&#x434;&#x437;&#x430;&#x433;.: &#x423;&#x447;&#x435;&#x431;&#x43D;&#x43E;-&#x43C;&#x435;&#x442;&#x43E;&#x434;&#x438;&#x447;&#x435;&#x441;&#x43A;&#x43E;&#x435; &#x43F;&#x43E;&#x441;&#x43E;&#x431;&#x438;&#x435;</subfield>
  </datafield>
  <datafield tag="300" ind1=" " ind2=" ">
    <subfield code="a">&#x41D;&#x430; &#x43E;&#x431;&#x43E;&#x440;&#x43E;&#x442;&#x435; &#x442;&#x438;&#x442;. &#x43B;. &#x430;&#x432;&#x442;.: &#x412;&#x435;&#x440;&#x43D;&#x438;&#x433;&#x43E;&#x440;&#x430; &#x415;.&#x412;., &#x432;&#x440;&#x430;&#x447;-&#x43E;&#x441;&#x442;&#x435;&#x43E;&#x43F;&#x430;&#x442;, &#x43C;&#x430;&#x43D;&#x443;&#x430;&#x43B;. &#x442;&#x435;&#x440;&#x430;&#x43F;&#x435;&#x432;&#x442;, &#x43D;&#x435;&#x432;&#x440;&#x43E;&#x43B;&#x43E;&#x433;; &#x410;&#x431;&#x440;&#x430;&#x43C;&#x43E;&#x432;&#x430; &#x415;.&#x412;., &#x432;&#x440;&#x430;&#x447;-&#x43E;&#x441;&#x442;&#x435;&#x43E;&#x43F;&#x430;&#x442;, &#x43C;&#x430;&#x43D;&#x443;&#x430;&#x43B;. &#x442;&#x435;&#x440;&#x430;&#x43F;&#x435;&#x432;&#x442;, &#x43F;&#x435;&#x434;&#x438;&#x430;&#x442;&#x440;, &#x43A;.&#x43C;.&#x43D;., &#x434;&#x43E;&#x446;.; &#x410;&#x43F;&#x442;&#x435;&#x43A;&#x430;&#x440;&#x44C; &#x418;.&#x410;., &#x432;&#x440;&#x430;&#x447;-&#x43E;&#x441;&#x442;&#x435;&#x43E;&#x43F;&#x430;&#x442;, &#x43C;&#x430;&#x43D;&#x443;&#x430;&#x43B;. &#x442;&#x435;&#x440;&#x430;&#x43F;&#x435;&#x432;&#x442;, &#x43D;&#x435;&#x432;&#x440;&#x43E;&#x43B;&#x43E;&#x433;, &#x43A;.&#x43C;.&#x43D;.</subfield>
  </datafield>
  <datafield tag="320" ind1=" " ind2=" ">
    <subfield code="a">&#x411;&#x438;&#x431;&#x43B;&#x438;&#x43E;&#x433;&#x440;.: &#x441;. 59 (11 &#x43D;&#x430;&#x437;&#x432;.)</subfield>
  </datafield>
  <datafield tag="606" ind1="1" ind2=" ">
    <subfield code="a">&#x413;&#x43B;&#x430;&#x437;&#x43D;&#x438;&#x446;&#x430;</subfield>
    <subfield code="j">&#x423;&#x447;&#x435;&#x431;&#x43D;&#x44B;&#x435; &#x438;&#x437;&#x434;&#x430;&#x43D;&#x438;&#x44F;</subfield>
    <subfield code="x">&#x410;&#x43D;&#x430;&#x442;&#x43E;&#x43C;&#x438;&#x44F;</subfield>
    <subfield code="9">1403028</subfield>
    <subfield code="3">RU\NLR\AUTH\66590585</subfield>
  </datafield>
  <datafield tag="606" ind1="1" ind2=" ">
    <subfield code="a">&#x413;&#x43B;&#x430;&#x437;&#x43D;&#x438;&#x446;&#x430;</subfield>
    <subfield code="j">&#x423;&#x447;&#x435;&#x431;&#x43D;&#x44B;&#x435; &#x438;&#x437;&#x434;&#x430;&#x43D;&#x438;&#x44F;</subfield>
    <subfield code="x">&#x411;&#x43E;&#x43B;&#x435;&#x437;&#x43D;&#x438;</subfield>
    <subfield code="x">&#x41E;&#x441;&#x442;&#x435;&#x43E;&#x43F;&#x430;&#x442;&#x438;&#x447;&#x435;&#x441;&#x43A;&#x430;&#x44F; &#x442;&#x435;&#x440;&#x430;&#x43F;&#x438;&#x44F;</subfield>
    <subfield code="9">2333055</subfield>
    <subfield code="3">RU\NLR\AUTH\6601619092</subfield>
  </datafield>
  <datafield tag="686" ind1=" " ind2=" ">
    <subfield code="a">&#x420;354.15,07</subfield>
    <subfield code="2">rubbk</subfield>
  </datafield>
  <datafield tag="686" ind1="1" ind2=" ">
    <subfield code="a">&#x415;864.421&#x44F;7</subfield>
  </datafield>
  <datafield tag="686" ind1="1" ind2=" ">
    <subfield code="a">&#x420;671-541.5&#x44F;7</subfield>
  </datafield>
  <datafield tag="700" ind1=" " ind2="1">
    <subfield code="a">&#x412;&#x435;&#x440;&#x43D;&#x438;&#x433;&#x43E;&#x440;&#x430;</subfield>
    <subfield code="b">&#x415;. &#x412;.</subfield>
    <subfield code="g">&#x415;&#x43A;&#x430;&#x442;&#x435;&#x440;&#x438;&#x43D;&#x430; &#x412;&#x438;&#x442;&#x430;&#x43B;&#x44C;&#x435;&#x432;&#x43D;&#x430;</subfield>
  </datafield>
  <datafield tag="701" ind1=" " ind2="1">
    <subfield code="7">ca</subfield>
    <subfield code="8">rus</subfield>
    <subfield code="a">&#x410;&#x431;&#x440;&#x430;&#x43C;&#x43E;&#x432;&#x430;</subfield>
    <subfield code="b">&#x415;. &#x412;.</subfield>
    <subfield code="c">&#x43A;&#x430;&#x43D;&#x434;. &#x43C;&#x435;&#x434;. &#x43D;&#x430;&#x443;&#x43A;</subfield>
    <subfield code="g">&#x415;&#x43B;&#x435;&#x43D;&#x430; &#x412;&#x438;&#x442;&#x430;&#x43B;&#x44C;&#x435;&#x432;&#x43D;&#x430;</subfield>
    <subfield code="9">27404</subfield>
    <subfield code="3">RU\NLR\AUTH\7744463</subfield>
  </datafield>
  <datafield tag="701" ind1=" " ind2="1">
    <subfield code="a">&#x410;&#x43F;&#x442;&#x435;&#x43A;&#x430;&#x440;&#x44C;</subfield>
    <subfield code="b">&#x418;. &#x410;.</subfield>
    <subfield code="g">&#x418;&#x433;&#x43E;&#x440;&#x44C; &#x410;&#x43B;&#x435;&#x43A;&#x441;&#x430;&#x43D;&#x434;&#x440;&#x43E;&#x432;&#x438;&#x447;</subfield>
  </datafield>
  <datafield tag="942" ind1=" " ind2=" ">
    <subfield code="c">BOOK</subfield>
  </datafield>
  <datafield tag="980" ind1=" " ind2=" ">
    <subfield code="a">NBR</subfield>
  </datafield>
</record>
